[Event "FIDE WRBTC Blitz-Pool 2024"]
[Site "Astana"]
[Date "2024.08.05"]
[Round "4.33"]
[White "Lysakov, Anton"]
[Black "Bulatov, Dinmukhamed"]
[Result "0-1"]
[WhiteElo "1947"]
[BlackElo "1767"]
[Annotator "ChessBase"]
[PlyCount "114"]
[EventDate "2024.08.01"]
[EventType "team-tourn"]
[EventCountry "KAZ"]
[SourceTitle "playchess.com"]
[Source "ChessBase"]
[SourceQuality "1"]

1. e4 e6 2. d4 d5 3. Nc3 Nf6 4. Bg5 Be7 5. e5 Nfd7 6. Bxe7 Qxe7 7. f4 a6 8. Nf3 c5 9. a4 Nc6 10. Be2 cxd4 11. Nxd4 Ndxe5 12. fxe5 Qh4+ 13. Kf1 Qxd4 14. Qxd4 Nxd4 15. Bd3 Nc6 16. Re1 Bd7 17. Re2 Rc8 18. Kf2 O-O 19. Rhe1 Nd4 20. Rd2 Nc6 21. Kg1 Nb4 22. Be2 Rc7 23. Bf3 Rfc8 24. Bd1 Kf8 25. Rd4 Nc6 26. Rd2 Nb4 27. Rf2 Ke7 28. Ref1 Be8 29. Rf4 Rc4 30. R4f2 Nc6 31. Re1 Rb4 32. b3 Nd4 33. Re3 Nf5 34. Ref3 Rd4 35. Be2 Rd2 36. Bd1 Rxf2 37. Kxf2 Nd4 38. Rd3 Nc6 39. Rg3 Nxe5 40. Ne2 g6 41. Nd4 Nd7 42. Nf3 Nf6 43. Ng5 h6 44. Nf3 Ne4+ 45. Ke3 Nxg3 46. hxg3 Kd6 47. Nd4 e5 48. Ne2 d4+ 49. Kd2 Bd7 50. Ng1 f5 51. Bf3 e4 52. Bd1 g5 53. Ne2 Ke5 54. Ng1 Bc6 55. Ne2 Bd5 56. Nc1 e3+ 57. Ke1 Be4 0-1

[Event "FIDE WRBTC Blitz-Pool 2024"]
[Site "Astana"]
[Date "2024.08.05"]
[Round "4.34"]
[White "Amilal Munkhdalai"]
[Black "Gumularz, Szymon"]
[Result "1/2-1/2"]
[WhiteElo "2374"]
[BlackElo "2571"]
[Annotator "ChessBase"]
[PlyCount "66"]
[EventDate "2024.08.01"]
[EventType "team-tourn"]
[EventCountry "KAZ"]
[SourceTitle "playchess.com"]
[Source "ChessBase"]
[SourceQuality "1"]

1. e4 d6 2. d4 Nf6 3. Nc3 c6 4. f3 b5 5. Be3 e5 6. Qd2 Nbd7 7. g4 h6 8. h4 Qa5 9. Nge2 exd4 10. Nxd4 Ne5 11. Be2 b4 12. Nd1 d5 13. Nb3 Qc7 14. Nf2 dxe4 15. g5 hxg5 16. hxg5 Rxh1+ 17. Nxh1 Nd5 18. fxe4 Nxe3 19. Qxe3 a5 20. O-O-O a4 21. Nd4 a3 22. b3 g6 23. Ng3 Bg7 24. Ndf5 gxf5 25. exf5 Ra5 26. f6 Bf8 27. Nh5 Rd5 28. Ng7+ Kd8 29. Rh1 Qd6 30. Qb6+ Qc7 31. Qe3 Qd6 32. Qb6+ Qc7 33. Qe3 Qd6 1/2-1/2

[Event "FIDE WRBTC Blitz-Pool 2024"]
[Site "Astana"]
[Date "2024.08.05"]
[Round "4.34"]
[White "Bugubayev, Satzhan"]
[Black "Minnekhanov, Eldar"]
[Result "1-0"]
[WhiteElo "1411"]
[BlackElo "1750"]
[Annotator "NA"]
[PlyCount "91"]
[EventDate "2024.08.01"]
[EventType "team-tourn"]
[EventCountry "KAZ"]
[SourceTitle "playchess.com"]
[Source "ChessBase"]
[SourceQuality "1"]

1. e4 d6 2. Nf3 Nf6 3. Nc3 c6 4. d4 Qa5 5. Bd2 Qc7 6. Bd3 e5 7. dxe5 dxe5 8. O-O Be7 9. Bg5 O-O 10. Qe2 Bg4 11. h3 Bxf3 12. Qxf3 Nbd7 13. Rad1 Nc5 14. Bxf6 Bxf6 15. Rfe1 Ne6 16. Ne2 Rfe8 17. Bc4 Nd4 18. Nxd4 exd4 19. Rd3 Qe5 20. a3 b5 21. Ba2 c5 22. b3 Rac8 23. Rdd1 c4 24. bxc4 bxc4 25. Qe2 Qc5 26. Kh1 Qxa3 27. Bxc4 Qc3 28. Bd3 Be5 29. g3 Qc6 30. f4 Bb8 31. Qf3 Qh6 32. Kh2 Rc5 33. e5 Qc6 34. Qxc6 Rxc6 35. Ra1 Rb6 36. Reb1 Rxb1 37. Rxb1 Bc7 38. Ra1 Bb6 39. Ra6 h5 40. Kg2 Rc8 41. Kf3 Rc6 42. Ke4 h4 43. g4 Kf8 44. Kd5 Rc5+ 45. Kd6 Rb5 46. Bxb5 1-0

[Event "FIDE WRBTC Blitz-Pool 2024"]
[Site "Astana"]
[Date "2024.08.05"]
[Round "4.35"]
[White "Kulon, Klaudia"]
[Black "Mungunzul, Bat-Erdene"]
[Result "0-1"]
[WhiteElo "2415"]
[BlackElo "2224"]
[Annotator "ChessBase"]
[PlyCount "93"]
[EventDate "2024.08.01"]
[EventType "team-tourn"]
[EventCountry "KAZ"]
[SourceTitle "playchess.com"]
[Source "ChessBase"]
[SourceQuality "1"]

1. c4 e6 2. g3 d5 3. Bg2 Nf6 4. Nf3 dxc4 5. O-O c6 6. a4 Nbd7 7. Qc2 Be7 8. Qxc4 Nb6 9. Qc2 Nbd5 10. d3 O-O 11. Na3 a5 12. Nc4 Nb4 13. Qb3 Nfd5 14. e4 Nb6 15. Nxb6 Qxb6 16. d4 c5 17. Be3 cxd4 18. Bxd4 Bc5 19. Bxc5 Qxc5 20. Rac1 Qe7 21. Rfd1 b6 22. Nd4 Bb7 23. Nb5 Rac8 24. Qe3 Rc5 25. Rxc5 bxc5 26. Nd6 Bc6 27. b3 Qa7 28. Rc1 Rd8 29. e5 Bxg2 30. Kxg2 Na6 31. Qg5 Rb8 32. Rc3 Nb4 33. Rf3 Rf8 34. Ne4 Kh8 35. h4 Nd5 36. h5 h6 37. Qc1 Rc8 38. Nd6 Rf8 39. g4 f6 40. Ne4 f5 41. Nd6 f4 42. Qc2 Qe7 43. Qg6 Kg8 44. Ne4 Kh8 45. g5 Qf7 46. Qxf7 Rxf7 47. gxh6 0-1

[Event "FIDE WRBTC Blitz-Pool 2024"]
[Site "Astana"]
[Date "2024.08.05"]
[Round "4.35"]
[White "Bozhgulova, Zaynabkhan"]
[Black "Lednikova, Elizaveta"]
[Result "1/2-1/2"]
[WhiteElo "1605"]
[BlackElo "1677"]
[Annotator "NA"]
[PlyCount "111"]
[EventDate "2024.08.01"]
[EventType "team-tourn"]
[EventCountry "KAZ"]
[SourceTitle "playchess.com"]
[Source "ChessBase"]
[SourceQuality "1"]

1. b3 b6 2. Bb2 Bb7 3. e3 d6 4. Nf3 Nd7 5. d4 Ngf6 6. c4 c5 7. d5 g6 8. Bd3 Bg7 9. Qc2 e6 10. dxe6 fxe6 11. O-O e5 12. Bxg6+ hxg6 13. Qxg6+ Kf8 14. Ng5 Qe8 15. Qf5 Qh5 16. h3 Bh6 17. Ne6+ Kf7 18. Qxh5+ Nxh5 19. Nc7 Rac8 20. Nb5 Ke7 21. Rd1 Rc6 22. Nxa7 Rc7 23. Nb5 Rc6 24. N1c3 Nhf6 25. Rd2 Rg8 26. f3 Bxe3+ 27. Rf2 Bxf2+ 28. Kxf2 Rcc8 29. Rd1 Rc6 30. g4 Nh7 31. h4 Nhf6 32. g5 Nh5 33. Nd5+ Ke6 34. Nbc7+ Rxc7 35. Nxc7+ Ke7 36. Nb5 Rf8 37. Rd3 e4 38. Re3 Rxf3+ 39. Rxf3 exf3 40. Nc3 Nf4 41. Nd1 Nd3+ 42. Kg3 Nxb2 43. Nxb2 Ne5 44. h5 Kf7 45. Nd1 Kg7 46. Ne3 Be4 47. Kf4 Bb1 48. a3 Bd3 49. b4 cxb4 50. axb4 Bb1 51. Kg3 Be4 52. Kf4 Bb1 53. Kg3 Be4 54. Kf4 Bb1 55. Kg3 Be4 56. Kf4 1/2-1/2

[Event "FIDE WRBTC Blitz-Pool 2024"]
[Site "Astana"]
[Date "2024.08.05"]
[Round "4.36"]
[White "Erkhembayar, Amartaivan"]
[Black "Kurlak, Jakub"]
[Result "1-0"]
[WhiteElo "1962"]
[BlackElo "1828"]
[Annotator "ChessBase"]
[PlyCount "83"]
[EventDate "2024.08.01"]
[EventType "team-tourn"]
[EventCountry "KAZ"]
[SourceTitle "playchess.com"]
[Source "ChessBase"]
[SourceQuality "1"]

1. d4 d5 2. Bf4 Nf6 3. Nf3 e6 4. e3 Be7 5. c4 c6 6. Nc3 O-O 7. c5 b6 8. b4 Re8 9. Bd3 Nbd7 10. O-O Nh5 11. Be5 Nxe5 12. Nxe5 Nf6 13. Nxc6 Qc7 14. Nxe7+ Qxe7 15. Qb3 Bb7 16. a4 e5 17. h3 e4 18. Be2 h6 19. Nb5 Red8 20. Nd6 Rxd6 21. cxd6 Qxd6 22. Rac1 Nh7 23. Qc3 Qg6 24. Qc7 Bc8 25. Qc6 Qxc6 26. Rxc6 Bd7 27. Rc7 Bxa4 28. b5 Nf6 29. Ra1 Ne8 30. Rd7 Nf6 31. Rb7 Bb3 32. Raxa7 Rc8 33. Rc7 Rd8 34. Rxf7 Rc8 35. Rxg7+ Kh8 36. Rgc7 Rd8 37. Rc6 Ng8 38. Rxb6 Rc8 39. Rc6 Rb8 40. b6 h5 41. b7 Ne7 42. Rc7 1-0

[Event "FIDE WRBTC Blitz-Pool 2024"]
[Site "Astana"]
[Date "2024.08.05"]
[Round "4.36"]
[White "Abdrakhmanov, Alikhan"]
[Black "Yessengali, Alikhan"]
[Result "0-1"]
[WhiteElo "1434"]
[BlackElo "1529"]
[Annotator "NA"]
[PlyCount "64"]
[EventDate "2024.08.01"]
[EventType "team-tourn"]
[EventCountry "KAZ"]
[SourceTitle "playchess.com"]
[Source "ChessBase"]
[SourceQuality "1"]

1. e4 Nf6 2. Nc3 d5 3. exd5 Nxd5 4. Nxd5 Qxd5 5. Nf3 Bg4 6. Be2 c5 7. h3 Bh5 8. d3 Nc6 9. Be3 e6 10. Qd2 Be7 11. O-O O-O 12. d4 cxd4 13. Nxd4 Bxe2 14. Nxe2 Qxd2 15. Bxd2 Bf6 16. c3 Rfd8 17. Be3 Ne5 18. Bd4 Nc4 19. Rab1 Bxd4 20. Nxd4 Nd2 21. Rbd1 Nxf1 22. Rxf1 a6 23. Re1 Rd5 24. Nf3 h6 25. Kh2 Rad8 26. Kg3 Rd1 27. Re4 Ra1 28. a3 Rad1 29. Rb4 b5 30. Ne5 R8d5 31. Nc6 Rc5 32. Ne7+ Kf8 0-1

[Event "FIDE WRBTC Blitz-Pool 2024"]
[Site "Astana"]
[Date "2024.08.05"]
[Round "4.37"]
[White "Al-Mudahka, Mohd"]
[Black "Sindarov, Javokhir"]
[Result "0-1"]
[WhiteElo "2542"]
[BlackElo "2674"]
[Annotator "ChessBase"]
[PlyCount "84"]
[EventDate "2024.08.01"]
[EventType "team-tourn"]
[EventCountry "KAZ"]
[SourceTitle "playchess.com"]
[Source "ChessBase"]
[SourceQuality "1"]

1. e4 e5 2. Nf3 Nc6 3. Bb5 a6 4. Ba4 Nf6 5. O-O Bc5 6. d3 b5 7. Bb3 d6 8. c3 h6 9. Re1 O-O 10. h3 Bb6 11. a4 Rb8 12. axb5 axb5 13. Na3 Ba7 14. Nc2 Bb6 15. Be3 Ne7 16. Bxb6 Rxb6 17. d4 Ng6 18. dxe5 dxe5 19. Qxd8 Rxd8 20. Ra8 Rbd6 21. Ne3 Bb7 22. Ra7 Bxe4 23. Rxc7 R6d7 24. Rxd7 Rxd7 25. Ng4 Bxf3 26. gxf3 Nxg4 27. fxg4 Kf8 28. Bc2 Nf4 29. Rxe5 Rd2 30. Be4 Nxh3+ 31. Kf1 Rxb2 32. Bc6 g6 33. Rxb5 Rxf2+ 34. Ke1 Rc2 35. Rc5 Nf4 36. Kd1 Rf2 37. Bb5 h5 38. gxh5 gxh5 39. Rc8+ Kg7 40. c4 h4 41. c5 h3 42. Bc6 h2 0-1

[Event "FIDE WRBTC Blitz-Pool 2024"]
[Site "Astana"]
[Date "2024.08.05"]
[Round "4.37"]
[White "Akylbek, Zhaksylyk"]
[Black "Williams, Justus"]
[Result "0-1"]
[WhiteElo "1662"]
[BlackElo "2361"]
[Annotator "ChessBase"]
[PlyCount "126"]
[EventDate "2024.08.01"]
[EventType "team-tourn"]
[EventCountry "KAZ"]
[SourceTitle "playchess.com"]
[Source "ChessBase"]
[SourceQuality "1"]

1. d4 Nf6 2. c3 g6 3. Nd2 Bg7 4. e3 b6 5. f4 Bb7 6. Ngf3 c5 7. Bd3 d6 8. O-O e6 9. Qe2 O-O 10. b3 cxd4 11. exd4 Nd5 12. Ne4 Nc6 13. Bd2 Rc8 14. Rac1 e5 15. dxe5 dxe5 16. fxe5 Nxe5 17. Nxe5 Bxe5 18. c4 Nc7 19. Bh6 Qh4 20. Bf4 Bxf4 21. g3 Bxg3 22. hxg3 Qh3 23. Qf3 Bxe4 24. Bxe4 Ne6 25. Bd5 Ng5 26. Qf4 Qh5 27. Kg2 Rce8 28. Rce1 Rxe1 29. Rxe1 h6 30. b4 b5 31. c5 Qh3+ 32. Kg1 Qd7 33. Bg2 Ne6 34. Qe5 Qd2 35. c6 Re8 36. a3 Nc7 37. Qxe8+ Nxe8 38. Rxe8+ Kg7 39. Kh2 Qd6 40. Rc8 h5 41. c7 Qd7 42. Bb7 Qd2+ 43. Kh3 Qd7+ 44. Kh2 Kf6 45. Ba6 Qd6 46. Bb7 h4 47. Kh1 Qxg3 48. Re8 Qxc7 49. Re1 Qxb7+ 50. Kg1 Qb6+ 51. Kg2 Qc6+ 52. Kf2 Qc2+ 53. Re2 Qf5+ 54. Kg2 Qg4+ 55. Kf1 h3 56. a4 Qf3+ 57. Ke1 Qh1+ 58. Kd2 h2 59. a5 Qd5+ 60. Kc2 h1=Q 61. Rf2+ Kg7 62. a6 Qc4+ 63. Kd2 Qhc1# 0-1

[Event "FIDE WRBTC Blitz-Pool 2024"]
[Site "Astana"]
[Date "2024.08.05"]
[Round "4.38"]
[White "Vokhidov, Shamsiddin"]
[Black "Zhu, Chen"]
[Result "1-0"]
[WhiteElo "2643"]
[BlackElo "2423"]
[Annotator "ChessBase"]
[PlyCount "75"]
[EventDate "2024.08.01"]
[EventType "team-tourn"]
[EventCountry "KAZ"]
[SourceTitle "playchess.com"]
[Source "ChessBase"]
[SourceQuality "1"]

1. e4 c5 2. Nf3 d6 3. Bb5+ Nd7 4. a4 Ngf6 5. Nc3 g6 6. a5 Bg7 7. O-O O-O 8. Re1 Ne5 9. Nxe5 dxe5 10. d3 Be6 11. Be3 a6 12. Bc4 Bxc4 13. dxc4 Nd7 14. Re2 Qc8 15. Rd2 Nf6 16. Nd5 Nxd5 17. Rxd5 Rd8 18. Bxc5 e6 19. Rxd8+ Qxd8 20. Qe2 Rc8 21. Bb6 Qe7 22. Rd1 Qb4 23. b3 Bf8 24. Qd2 Qxd2 25. Rxd2 Bc5 26. Rd7 Bxb6 27. axb6 Rb8 28. b4 h5 29. c5 Kg7 30. c4 h4 31. Kf1 g5 32. Ke2 g4 33. h3 gxh3 34. gxh3 Kg6 35. b5 axb5 36. cxb5 Rc8 37. c6 bxc6 38. b7 1-0

[Event "FIDE WRBTC Blitz-Pool 2024"]
[Site "Astana"]
[Date "2024.08.05"]
[Round "4.38"]
[White "Ishmukhametov, Adil"]
[Black "Abuzyarov, Arlan"]
[Result "1-0"]
[WhiteElo "2077"]
[BlackElo "1851"]
[Annotator "ChessBase"]
[PlyCount "145"]
[EventDate "2024.08.01"]
[EventType "team-tourn"]
[EventCountry "KAZ"]
[SourceTitle "playchess.com"]
[Source "ChessBase"]
[SourceQuality "1"]

1. e4 c6 2. d4 d5 3. exd5 cxd5 4. Bd3 Nf6 5. c3 Bg4 6. Qb3 Qb6 7. Qxb6 axb6 8. Bf4 Kd7 9. Na3 e6 10. Nb5 Nc6 11. Ne2 Bxe2 12. Kxe2 Nh5 13. Be3 Bd6 14. Nxd6 Kxd6 15. f4 f5 16. Kf3 Nf6 17. h3 Ne4 18. g4 g6 19. g5 h5 20. Bb5 Na7 21. Ba4 Nc8 22. Bc2 Ne7 23. a4 Ra7 24. Rac1 Rc8 25. Rh2 Nc6 26. Ra1 Na5 27. Bc1 Raa8 28. Re2 Rc7 29. Bd1 Rac8 30. Kg2 Nc4 31. Bc2 Rf7 32. Bd1 Ra8 33. Rb1 Ra5 34. Bc2 Ra8 35. Bb3 Rc8 36. Ra1 Na5 37. Bd1 Nc4 38. Kf3 Rh7 39. h4 Rhh8 40. Rc2 Ra8 41. Re2 Rhc8 42. Bc2 Ra7 43. Rb1 Rca8 44. Kg2 Kc6 45. Bd1 b5 46. axb5+ Kxb5 47. Be3 Ra1 48. Rxa1 Rxa1 49. Bc2 Nxe3+ 50. Rxe3 Ra2 51. Re2 Kb6 52. Bd3 Ra1 53. Bc2 Rc1 54. Bd3 Kc6 55. Bc2 b5 56. Bb3 Kb6 57. Bc2 Ka5 58. Bd3 b4 59. cxb4+ Kxb4 60. Ba6 Rd1 61. Bc8 Rxd4 62. Bxe6 Kc4 63. Bf7 Kd3 64. Re1 Rb4 65. Bxg6 Rxb2+ 66. Kg1 Ng3 67. Bf7 Ne2+ 68. Kh1 Ng3+ 69. Kg1 Ne2+ 70. Kf2 Nxf4+ 71. Kf3 Ng2 72. Rd1+ Kc2 73. Rxd5 1-0

[Event "FIDE WRBTC Blitz-Pool 2024"]
[Site "Astana"]
[Date "2024.08.05"]
[Round "4.39"]
[White "Nakhbayeva, Guliskhan"]
[Black "Yakubboev, Nodirbek"]
[Result "0-1"]
[WhiteElo "2326"]
[BlackElo "2655"]
[Annotator "ChessBase"]
[PlyCount "102"]
[EventDate "2024.08.01"]
[EventType "team-tourn"]
[EventCountry "KAZ"]
[SourceTitle "playchess.com"]
[Source "ChessBase"]
[SourceQuality "1"]

1. d4 Nf6 2. c4 g6 3. Nc3 Bg7 4. e4 d6 5. h3 Nbd7 6. Bg5 h6 7. Be3 e5 8. d5 Nc5 9. Qc2 a5 10. Nf3 Nh5 11. g3 b6 12. Be2 O-O 13. Nd2 Nf6 14. g4 Kh8 15. O-O-O Ng8 16. h4 f5 17. Bxc5 bxc5 18. exf5 gxf5 19. gxf5 Bxf5 20. Bd3 e4 21. Bxe4 Bd7 22. f3 a4 23. a3 Nf6 24. Bg6 c6 25. Nde4 Nxe4 26. fxe4 Rb8 27. Bf5 cxd5 28. Bxd7 d4 29. Nxa4 Qxd7 30. Rdg1 Be5 31. Rg2 d3 32. Qd1 Qc6 33. Qh5 Rf6 34. Rg6 Bf4+ 35. Kb1 Rbf8 36. Rxf6 Rxf6 37. Nc3 Be5 38. Nd5 Qb7 39. Rh2 Rf1+ 40. Ka2 Bxh2 41. Qxh6+ Kg8 42. Qg6+ Kf8 43. Qh6+ Ke8 44. Qh8+ Rf8 45. Qh5+ Kd8 46. Qg5+ Kc8 47. Qg4+ Kb8 48. Qg2 Be5 49. b4 Bd4 50. b5 Rf2+ 51. Qxf2 Bxf2 0-1

[Event "FIDE WRBTC Blitz-Pool 2024"]
[Site "Astana"]
[Date "2024.08.05"]
[Round "4.39"]
[White "Tuleyeva-Aketayeva, Dana"]
[Black "Beisikenov, Eduard"]
[Result "1/2-1/2"]
[WhiteElo "2130"]
[BlackElo "1821"]
[Annotator "ChessBase"]
[PlyCount "119"]
[EventDate "2024.08.01"]
[EventType "team-tourn"]
[EventCountry "KAZ"]
[SourceTitle "playchess.com"]
[Source "ChessBase"]
[SourceQuality "1"]

1. e4 e5 2. Nf3 Nc6 3. Bb5 f5 4. d3 fxe4 5. dxe4 Nf6 6. Nc3 d6 7. O-O Be7 8. h3 O-O 9. Bc4+ Kh8 10. Nd5 Nxe4 11. Nxe7 Qxe7 12. Bd5 Nf6 13. Bxc6 bxc6 14. c4 Qf7 15. b3 Qg6 16. Kh2 Qh5 17. Bb2 Bg4 18. Re1 e4 19. Bxf6 Rxf6 20. Rxe4 Bxf3 21. gxf3 Rxf3 22. Qf1 Raf8 23. Re2 Rxh3+ 24. Qxh3 Qxe2 25. Rf1 Rxf2+ 26. Rxf2 Qxf2+ 27. Kh1 Qe1+ 28. Kh2 Qd2+ 29. Kg1 Qc1+ 30. Kf2 Qb2+ 31. Kg1 Qa1+ 32. Kf2 Qxa2+ 33. Kf1 Qb1+ 34. Ke2 Qc2+ 35. Ke1 Qe4+ 36. Kd2 Qe8 37. Qf3 h6 38. Qf2 a5 39. Qa7 Qe5 40. Qxc7 h5 41. Qxc6 h4 42. Kc2 h3 43. Qc8+ Kh7 44. Qxh3+ Kg6 45. Qg2+ Qg5 46. Qc6 Qc5 47. Qe8+ Kh6 48. Qh8+ Kg6 49. Qe8+ Kf5 50. Qf8+ Ke4 51. Qxg7 Qf2+ 52. Kc3 Qe1+ 53. Kb2 Qd2+ 54. Ka3 Qc1+ 55. Ka2 Qc2+ 56. Ka3 Qc1+ 57. Ka2 Qd2+ 58. Ka3 Qb4+ 59. Kb2 Qd2+ 60. Ka3 1/2-1/2

[Event "FIDE WRBTC Blitz-Pool 2024"]
[Site "Astana"]
[Date "2024.08.05"]
[Round "4.40"]
[White "Vakhidov, Jakhongir"]
[Black "Martynov, Aleksandr"]
[Result "1/2-1/2"]
[WhiteElo "2571"]
[BlackElo "1828"]
[Annotator "ChessBase"]
[PlyCount "76"]
[EventDate "2024.08.01"]
[EventType "team-tourn"]
[EventCountry "KAZ"]
[SourceTitle "playchess.com"]
[Source "ChessBase"]
[SourceQuality "1"]

1. c4 e5 2. Nc3 Nc6 3. Nf3 Bc5 4. e3 a6 5. d4 exd4 6. exd4 Ba7 7. d5 Nb8 8. Bd3 d6 9. O-O Ne7 10. Re1 O-O 11. Qe2 Ng6 12. Ng5 h6 13. Nf3 Nd7 14. Bxg6 fxg6 15. Be3 Bxe3 16. Qxe3 Nf6 17. h3 Bd7 18. Nd4 Re8 19. Qd3 Kh7 20. Ne6 Qc8 21. Nd4 Re5 22. Rxe5 dxe5 23. Nf3 Bf5 24. Qe3 e4 25. Nd4 Qe8 26. Re1 Qe5 27. f4 Qe7 28. g4 Bd7 29. g5 Nh5 30. Nxe4 Qf7 31. gxh6 gxh6 32. Qf3 Re8 33. Nc2 Bf5 34. Nd4 Bd7 35. Re3 Qg7 36. Rd3 Bf5 37. Ne6 Bxe6 38. dxe6 Rxe6 1/2-1/2

[Event "FIDE WRBTC Blitz-Pool 2024"]
[Site "Astana"]
[Date "2024.08.05"]
[Round "4.40"]
[White "Ishmukhametova, Dilyara"]
[Black "Tolegenov, Rollan"]
[Result "1/2-1/2"]
[WhiteElo "1954"]
[BlackElo "1828"]
[Annotator "ChessBase"]
[PlyCount "96"]
[EventDate "2024.08.01"]
[EventType "team-tourn"]
[EventCountry "KAZ"]
[SourceTitle "playchess.com"]
[Source "ChessBase"]
[SourceQuality "1"]

1. e4 c6 2. d4 d5 3. exd5 cxd5 4. Bd3 Nf6 5. Nf3 Nc6 6. c3 Bg4 7. h3 Bh5 8. Nbd2 e6 9. O-O Bd6 10. Re1 O-O 11. Qc2 Rc8 12. Qb1 a6 13. Ne5 Bg6 14. Bxg6 hxg6 15. Ndf3 Nd7 16. Nxd7 Qxd7 17. Ne5 Bxe5 18. dxe5 Qc7 19. Bf4 Rfd8 20. Bg3 d4 21. Qd3 dxc3 22. Qxc3 Ne7 23. Qxc7 Rxc7 24. Bh4 Rdc8 25. Bxe7 Rxe7 26. Rac1 Rec7 27. Rxc7 Rxc7 28. Re2 Kf8 29. f4 Ke7 30. Rd2 Rc4 31. g3 Re4 32. Kf2 Rc4 33. Ke2 Rc1 34. Kf2 Rh1 35. Kg2 Ra1 36. a3 Rc1 37. Kf2 Rc4 38. Kf3 a5 39. Kf2 b5 40. Kf3 b4 41. axb4 Rxb4 42. Rc2 a4 43. Rc7+ Ke8 44. Rc2 Rb3+ 45. Kf2 a3 46. bxa3 Rxa3 47. Rb2 Ra7 48. Kg2 Ke7 1/2-1/2

[Event "FIDE WRBTC Blitz-Pool 2024"]
[Site "Astana"]
[Date "2024.08.05"]
[Round "4.41"]
[White "Turlej, Lukasz"]
[Black "Nurman, Alua"]
[Result "0-1"]
[WhiteElo "2105"]
[BlackElo "2324"]
[Annotator "ChessBase"]
[PlyCount "88"]
[EventDate "2024.08.01"]
[EventType "team-tourn"]
[EventCountry "KAZ"]
[SourceTitle "playchess.com"]
[Source "ChessBase"]
[SourceQuality "1"]

1. d4 Nf6 2. c4 g6 3. Nc3 Bg7 4. e4 d6 5. f3 O-O 6. Be3 a6 7. Qd2 Nbd7 8. Bd3 c5 9. Nge2 cxd4 10. Nxd4 Ne5 11. Be2 b6 12. O-O Bb7 13. Rfd1 Rc8 14. b3 Qc7 15. Rac1 Qb8 16. Nd5 Nxd5 17. cxd5 Qa8 18. Bg5 Rfe8 19. Rxc8 Qxc8 20. Rc1 Qd7 21. h3 Rc8 22. Rxc8+ Qxc8 23. Bxe7 Qc5 24. Kh1 Nd7 25. Nc6 Bxc6 26. dxc6 Qxc6 27. Qxd6 Qc1+ 28. Bd1 Nf8 29. Qd8 h5 30. Bg5 Qa1 31. a4 Kh7 32. Kh2 Ne6 33. Qd5 Nxg5 34. Be2 Be5+ 35. g3 Qb2 36. Qc4 Nxf3+ 37. Kg2 Ng5 38. h4 Ne6 39. Qxa6 Nd4 40. Kf2 Bxg3+ 41. Kxg3 Nxe2+ 42. Kf3 Nd4+ 43. Ke3 Qc3+ 44. Kf4 Ne6# 0-1

[Event "FIDE WRBTC Blitz-Pool 2024"]
[Site "Astana"]
[Date "2024.08.05"]
[Round "4.41"]
[White "Akylbek, Eskendir"]
[Black "Sakenov, Askar"]
[Result "0-1"]
[WhiteElo "1603"]
[BlackElo "1715"]
[Annotator "NA"]
[PlyCount "196"]
[EventDate "2024.08.01"]
[EventType "team-tourn"]
[EventCountry "KAZ"]
[SourceTitle "playchess.com"]
[Source "ChessBase"]
[SourceQuality "1"]

1. e4 c6 2. Nf3 d5 3. exd5 cxd5 4. d4 Nf6 5. h3 Nc6 6. Bd3 g6 7. O-O Bg7 8. Re1 O-O 9. c3 Bf5 10. Ne5 Bxd3 11. Qxd3 e6 12. Nd2 Nd7 13. b3 Ndxe5 14. dxe5 Nxe5 15. Qe2 Rc8 16. Bb2 Nc6 17. Nf3 a6 18. Red1 Qc7 19. Rac1 Qb6 20. c4 Bxb2 21. Qxb2 dxc4 22. Rxc4 Rcd8 23. Rdc1 Rd5 24. Nh2 h5 25. Nf3 Rfd8 26. Qf6 Rf5 27. Qh4 Qa5 28. a4 Qd5 29. Kh2 Qd6+ 30. Kg1 Qd5 31. Rc5 Qd7 32. Rxf5 exf5 33. Qf4 Qd6 34. Qc4 Qd5 35. Qc3 Re8 36. Qc2 Nd4 37. Nxd4 Qxd4 38. Rd1 Qe4 39. Qc3 Qe7 40. g3 Rd8 41. Re1 Qd7 42. Qf6 Qd6 43. Qg5 Rf8 44. Qe3 Qd5 45. h4 Rd8 46. Re2 Qd1+ 47. Re1 Qd3 48. Qb6 Qd7 49. Rc1 Rc8 50. Re1 Qc6 51. Qe3 Rf8 52. Rc1 Qd5 53. Rc7 Qd1+ 54. Kh2 Qd5 55. Qe7 Qxb3 56. Rxb7 Qxa4 57. Qe3 Qa2 58. Ra7 a5 59. Qc3 a4 60. Qd4 a3 61. Qe3 Qc2 62. Rxa3 Qc6 63. Rc3 Qd5 64. Rc5 Qb7 65. Qd4 Qe7 66. Re5 Qa3 67. Rd5 Qc1 68. Rd7 Qf1 69. Qc5 Qe2 70. Re7 Qg4 71. Qe5 Qd1 72. Qf4 Qf1 73. Re3 Qb1 74. Qg5 Qb2 75. Qf4 Qb7 76. Rc3 Qe7 77. Rc7 Qe2 78. Kg2 Qa2 79. Rc4 Qa8+ 80. Kh2 Qa2 81. Ra4 Qb3 82. Rb4 Qc2 83. Rc4 Qd3 84. Rd4 Qe2 85. Ra4 Qf1 86. Qe3 Qd1 87. Ra7 Qd5 88. Qe7 Qf3 89. Qc5 f4 90. Qd4 fxg3+ 91. fxg3 Qe2+ 92. Kh3 Qf1+ 93. Kh2 Qe2+ 94. Kg1 Qe1+ 95. Kg2 Qe2+ 96. Kh3 Qe6+ 97. Kg2 Re8 98. Rd7 Qg4 0-1

[Event "FIDE WRBTC Blitz-Pool 2024"]
[Site "Astana"]
[Date "2024.08.05"]
[Round "4.42"]
[White "Khassenov, Mansur"]
[Black "Musauly, Nurali"]
[Result "1/2-1/2"]
[WhiteElo "1982"]
[BlackElo "1816"]
[Annotator "ChessBase"]
[PlyCount "124"]
[EventDate "2024.08.01"]
[EventType "team-tourn"]
[EventCountry "KAZ"]
[SourceTitle "playchess.com"]
[Source "ChessBase"]
[SourceQuality "1"]

1. c4 e6 2. Nc3 d5 3. d4 Nf6 4. cxd5 exd5 5. Bg5 c6 6. e3 h6 7. Bh4 Be7 8. Bd3 O-O 9. Qc2 Re8 10. Nge2 a5 11. O-O Na6 12. a3 Nc7 13. Rab1 Ne6 14. b4 axb4 15. axb4 Bd7 16. b5 Ra3 17. bxc6 bxc6 18. Na4 c5 19. Nxc5 Nxc5 20. dxc5 Qc7 21. Rfc1 Rc8 22. c6 Qxc6 23. Qxc6 Rxc6 24. Rxc6 Bxc6 25. Bxf6 gxf6 26. Bf5 Kg7 27. Nd4 Ba4 28. g3 Bc5 29. Nf3 Rc3 30. Ra1 Bb5 31. Rb1 Be2 32. Nh4 d4 33. exd4 Bxd4 34. Re1 Bh5 35. Bh3 Bg6 36. Bf5 Rc7 37. Rd1 Be5 38. Re1 Ra7 39. Bxg6 fxg6 40. Nf3 Bd6 41. Re2 f5 42. Kg2 Be7 43. Ne5 Bf6 44. Nc6 Rc7 45. Nb4 Rd7 46. Nc2 g5 47. Ne3 Kg6 48. h3 h5 49. g4 hxg4 50. hxg4 fxg4 51. Nxg4 Kf5 52. f3 Rd4 53. Ra2 Rd6 54. Ra5+ Kg6 55. Ra2 Rb6 56. Re2 Rc6 57. Rd2 Rb6 58. Re2 Ra6 59. Rc2 Bg7 60. Re2 Kf5 61. Rc2 Kg6 62. Rd2 Bf6 1/2-1/2

[Event "FIDE WRBTC Blitz-Pool 2024"]
[Site "Astana"]
[Date "2024.08.05"]
[Round "4.42"]
[White "Zhunusov, Nurlan"]
[Black "Demezhanov, Tuleubek"]
[Result "0-1"]
[WhiteElo "1771"]
[BlackElo "1776"]
[Annotator "NA"]
[PlyCount "80"]
[EventDate "2024.08.01"]
[EventType "team-tourn"]
[EventCountry "KAZ"]
[SourceTitle "playchess.com"]
[Source "ChessBase"]
[SourceQuality "1"]

1. e3 e5 2. a3 d5 3. b4 c6 4. Bb2 Bd6 5. d3 Nf6 6. Nd2 Bg4 7. Be2 Bf5 8. Ngf3 Nbd7 9. c4 Ke7 10. Qb3 Re8 11. O-O Kf8 12. Rfe1 Kg8 13. Bf1 h6 14. e4 Be6 15. exd5 cxd5 16. Nxe5 Nxe5 17. Bxe5 Bxe5 18. Rxe5 dxc4 19. Nxc4 Qc7 20. Qb2 Rad8 21. h3 a6 22. Rae1 b5 23. Nd2 Nd5 24. Nb3 Qc3 25. Qxc3 Nxc3 26. Nc5 Rd6 27. f4 Ra8 28. Nxe6 fxe6 29. Rxe6 Rxe6 30. Rxe6 a5 31. Rc6 axb4 32. axb4 Nd5 33. Rc5 Nxf4 34. Rxb5 Ra1 35. Kf2 Ne6 36. Rd5 Rb1 37. b5 Nc7 38. Rd8+ Kf7 39. d4 Nxb5 40. Bc4+ Ke7 0-1

[Event "FIDE WRBTC Blitz-Pool 2024"]
[Site "Astana"]
[Date "2024.08.05"]
[Round "4.43"]
[White "Grachev, Boris"]
[Black "Kassimov, Baurzhan"]
[Result "1-0"]
[WhiteElo "2585"]
[BlackElo "2260"]
[Annotator "ChessBase"]
[PlyCount "67"]
[EventDate "2024.08.01"]
[EventType "team-tourn"]
[EventCountry "KAZ"]
[SourceTitle "playchess.com"]
[Source "ChessBase"]
[SourceQuality "1"]

1. d4 Nf6 2. Nf3 e6 3. Bf4 c5 4. e3 Qb6 5. Qc1 Nc6 6. c3 h6 7. h3 d5 8. Nbd2 Qd8 9. Bb5 Bd6 10. O-O O-O 11. Bxc6 bxc6 12. Nb3 Ne4 13. Bxd6 Qxd6 14. Nfd2 Nxd2 15. Qxd2 c4 16. Nc5 e5 17. b3 cxb3 18. axb3 e4 19. f4 exf3 20. Rxf3 Qg6 21. Qf2 Re8 22. Rf1 Re7 23. Rg3 Qd6 24. Rf3 Qg6 25. Qh4 Qg5 26. Qe1 a5 27. Qf2 Raa7 28. Rg3 Qh5 29. Qf6 g6 30. Qxc6 Bf5 31. Qxd5 Kh7 32. Rgf3 Qg5 33. e4 Bxe4 34. Rxf7+ 1-0